Lons-le-Saunier - Choix multiples - Statistiques

Statistiques générales
  • Ce quiz a été pris 36 fois
  • Le résultat moyen est 5 sur 10
Statistiques - réponses
Question Réponse % Correct
Quelle célèbre marque de produits laitiers est originaire de Lons-le-Saunier? La vache qui rit
90%
Quel texte majeur de l'Histoire de France a été écrit par un lédonien? La marseillaise
80%
Quelle région naturelle commence juste à l'ouest de la ville? La Bresse
60%
Quel politicien français passe une partie de son enfance dans la ville, y obtenant son bac? Jean-Luc Mélenchon
53%
Quel produit fait l'importance de la ville de l'antiquité à 1968? Le sel
50%
Quel monument peut on voir place de la Liberté? Le beffroi
43%
Quelle institution lédonienne est spécialisée dans le traitement des troubles du développement de l’enfant? Les thermes Lédonia
40%
Quelle devise nationale est héritée de celle de Philibert de Chalon, noble lédonien et général de Charles Quint? Je Maintiendrai (Pays-Bas)
37%
Quel général s'installe à Montaigu, à côté de Lons-le-Saunier, pendant la guerre de dix ans? Lacuzon
33%
Sur le territoire de quelle AOC viticole se trouve Lons-le-Saunier? Macvin
20%
Aucun quiz correspondant
Distribution des résultats
% des personnes avec chaque résultat
Percentile par nombre de réponses
Votre historique - résultats
Vous n’avez pas pris ce quiz